Équipes De Football Dans Lesquelles Ricky van Wolfswinkel A Joué - Statistiques

Statistiques générales
  • Ce quiz a été pris 9 fois
  • Le résultat moyen est 3 sur 9
Statistiques - réponses
Team % Correct
Pays-Bas
67%
AS Saint-Étienne
56%
Bâle
56%
Sporting CP
33%
Utrecht
33%
Norwich City
22%
Twente
22%
Betis Séville
11%
Vitesse Arnhem
11%
Aucun quiz correspondant
Distribution des résultats
% des personnes avec chaque résultat
Percentile par nombre de réponses
Votre historique - résultats
Vous n’avez pas pris ce quiz